| 000 | 01598cam a2200385 a 4500 | ||
|---|---|---|---|
| 001 | 14910129 | ||
| 005 | 20201128021155.0 | ||
| 008 | 070629t2008 xxua frb 001 0 eng d | ||
| 010 | _a2007027494 | ||
| 020 | _a9780131482043 (pbk. : alk. paper) | ||
| 020 | _a0131482041 (pbk. : alk. paper) | ||
| 040 |
_aDLC _cDLC _dBAKER _dBTCTA _dC#P _dYDXCP _dDLC _dEG-ScBUE |
||
| 082 | 0 | 0 |
_a660.0151 _222 _bCUT |
| 100 | 1 |
_aCutlip, Michael B. _937115 |
|
| 245 | 1 | 0 |
_aProblem solving in chemical and biochemical engineering with POLYMATH, Excel, and MATLAB / _cMichael B. Cutlip, Mordechai Shacham. |
| 250 | _a2nd ed. | ||
| 260 |
_aUpper Saddle River, United States : _bPrentice Hall, _cc.2008. |
||
| 300 |
_axxiii, 727 p. : _bill. ; _c24 cm. |
||
| 490 | 1 | _aPrentice Hall PTR international series in the physical and chemical engineering sciences | |
| 500 | _aIncludes appendixes. | ||
| 500 | _aIndex : p. 709-719. | ||
| 504 | _aIncludes bibliographical references. | ||
| 630 | 0 | 0 |
_aMicrosoft Excel (Computer file) _94503 |
| 630 | 0 | 0 |
_aMATLAB _9826 |
| 650 | 0 |
_aChemical engineering _vProblems, exercises, etc. _97824 |
|
| 650 | 0 |
_aBiochemical engineering _vProblems, exercises, etc. _937111 |
|
| 650 | 0 |
_aChemical engineering _xData processing _937112 |
|
| 650 | 0 |
_aBiochemical engineering _xData processing _937113 |
|
| 650 | 0 |
_aProblem solving _910472 |
|
| 653 |
_bENGCHE _cJanuary2015 |
||
| 655 |
_vreading book _934232 |
||
| 700 | 1 |
_aShacham, Mordechai _937114 |
|
| 830 | 0 |
_aPrentice-Hall international series in the physical and chemical engineering sciences. _934989 |
|
| 942 |
_2ddc _k660.0151 CUT |
||
| 999 |
_c18858 _d18830 |
||